000 00227nam a22000857a 4500
008 161122b xxu||||| |||| 00| 0 eng d
100 _91335
_aKidz.O
245 _aMysterious Tales of Arabian Nights
260 _aNew Delhi
_bOM KIdz
_c2012
999 _c4046
_d4046